000 00398nam a2200145Ia 4500
008 150201s2005 xx 000 0 und d
082 _a617.6
_bD2005W
100 _aWHO
245 _aDIET ,NUTRITION AND PREVENTION OF CHROMIC DISEASE
250 _a1ST
260 _bW.H.O / A.I.T.B.S PUBLICATION
_aDELHI
_c2005
300 _a1-150
650 _aPREVENTIVE AND COMMUNITY DENTISTRY
942 _2ddc
_cBK
999 _c4213
_d4213